Veřejná volba ekonomické teorie

Teória verejnej voľby ako ekonomická analýza politiky. Predmet a metodológia teórie verejnej voľby. Model stredného voliča a Directorov zákon. Politický cyklus. J. Buchanan a pohodlnosť deficitného financovania.

Guardado en:
Detalles Bibliográficos
Autor principal: Schwarz, Jiří
Formato: Capítulo de libro
Lenguaje:checo
Materias:
Etiquetas: Agregar Etiqueta
Sin Etiquetas, Sea el primero en etiquetar este registro!

MARC

LEADER 00000naa a2200000 4500
001 r032167
005 20230920094647.8
041 0 |a cze 
044 |a CZ 
245 1 0 |a Veřejná volba  |b ekonomické teorie  |c Jiří Schwarz 
520 |a Teória verejnej voľby ako ekonomická analýza politiky. Predmet a metodológia teórie verejnej voľby. Model stredného voliča a Directorov zákon. Politický cyklus. J. Buchanan a pohodlnosť deficitného financovania. 
610 2 0 |a teórie ekonomické 
610 2 0 |a teória voľby verejnej 
610 2 0 |a voľba verejná 
610 2 0 |a strany politické 
610 2 0 |a hospodárstvo trhové 
610 2 0 |a politika 
610 2 0 |a financovanie 
610 2 0 |a Buchanan, J. 
100 1 |a Schwarz, Jiří